Lord John a ďáblovy ruce /

Tři novely z řady oblíbených historických detektivních příběhů z Anglie 18. století s populárním hrdinou Lordem Johnem Greyem.

Hlavní autor: Gabaldon, Diana, 1952-
Další autoři: Heřmanová, Kateřina
Jazyk: Čeština
Vydáno: Praha : Dobrovský s.r.o., 2019
Edice: Knihy Omega
Témata:
Fyzický popis: 311 stran : 21 cm
Knihy
Uloženo v:
LEADER 02559nam a2200517 i 4500
001 nkc20193072077
003 CZ PrNK
005 20190903141534.0
007 ta
008 190612s2019 xr g 000 j cze
015 |a cnb003072077 
020 |a 978-80-7390-671-9  |q (vázáno) 
035 |a (OCoLC)1111968495 
040 |a ABG001  |b cze  |d OLA001  |d ABA001  |e rda 
041 1 |a cze  |h eng 
072 7 |a 821.111(73)-3  |x Americká próza  |2 Konspekt  |9 25 
080 |a 821.111(73)-32  |2 MRF 
080 |a (0:82-322.4)  |2 MRF 
080 |a (0:82-321.6)  |2 MRF 
100 1 |a Gabaldon, Diana,  |d 1952-  |7 xx0051635  |4 aut 
240 1 0 |a Lord John and the hand of devils.  |l Česky 
245 1 0 |a Lord John a ďáblovy ruce /  |c Diana Gabaldon ; překlad: Kateřina Heřmanová 
264 1 |a Praha :  |b Dobrovský s.r.o.,  |c 2019 
300 |a 311 stran :  |c 21 cm 
336 |a text  |b txt  |2 rdacontent 
337 |a bez média  |b n  |2 rdamedia 
338 |a svazek  |b nc  |2 rdacarrier 
490 1 |a Knihy Omega 
500 |a Přeloženo z angličtiny 
505 0 0 |t Lord John a Klub pekelného ohně --  |t Lord John a sukuba --  |t Lord John a přízrak vojáka 
520 2 |a Tři novely z řady oblíbených historických detektivních příběhů z Anglie 18. století s populárním hrdinou Lordem Johnem Greyem.  |b Další příběhy z volné historicko-detektivní série se sympatickým vyšetřovatelem Lordem Johnem. Charismatický Lord John bude mít plné ruce práce. Ve třech dobrodružstvích ho postupně zaměstná jak napínavé vyšetřování politické proradnosti a vypočítavosti jistého utajeného spolku, tak i mystikou dýchající záležitost, ve které se angličtí vojáci bojující v Prusku budou děsit smrt rozsévající sukuby. A velmi obtížné bude i řešení záhadného výbuchu na bitevním poli, které před Lordem Johnem otevře zároveň i doposud dobře skrývané vlastní temné přízraky. 
655 7 |a americké novely  |7 fd131792  |2 czenas 
655 7 |a detektivní novely  |7 fd132007  |2 czenas 
655 7 |a historické novely  |7 fd409509  |2 czenas 
655 9 |a American novellas  |2 eczenas 
655 9 |a detective novellas  |2 eczenas 
655 9 |a historical novellas  |2 eczenas 
700 1 |a Heřmanová, Kateřina  |7 ola20191044179  |4 trl 
787 0 8 |i Z cyklu:  |t Lord John Grey  |g 4 
830 0 |a Knihy Omega  |0 s 
910 2 |a BOA001  |b 2-1431.549 
920 |a 4483444  |z ABG001 
990 |a BK 
995 |a 01 
991 |b 201909  |c NOV 
996 6 |b 2610789520  |c 2-1431.549  |l MZK  |r Sklad / do 1 hodiny  |n 0  |p p.v.  |w 001736777  |u 000010  |a 1  |e BOA001  |j MZK50  |s P